Principles of statistical genomics / (Record no. 21468)

MARC details
000 -LEADER
fixed length control field 01995cam a22003135i 4500
001 - CONTROL NUMBER
control field 17352083
003 - CONTROL NUMBER IDENTIFIER
control field EG-ScBUE
005 - DATE AND TIME OF LATEST TRANSACTION
control field 20260124100506.0
008 - FIXED-LENGTH DATA ELEMENTS--GENERAL INFORMATION
fixed length control field 120619t2013 nyua frb 001 0 eng d
020 ## - INTERNATIONAL STANDARD BOOK NUMBER
International Standard Book Number 9780387708065 (alk. paper)
020 ## - INTERNATIONAL STANDARD BOOK NUMBER
International Standard Book Number 0387708065 (alk. paper)
040 ## - CATALOGING SOURCE
Original cataloging agency NLM
Language of cataloging eng
Description conventions rda
Transcribing agency NLM
Modifying agency BTCTA
-- YDXCP
-- CDX
-- OCLCO
-- BWX
-- OHX
-- CFI
-- MUU
-- SDB
-- OCLCO
-- OCLCF
-- OCLCQ
-- OCLCO
-- DLC
-- EG-ScBUE
082 04 - DEWEY DECIMAL CLASSIFICATION NUMBER
Edition number 22
Classification number 572.860727
Item number XUU
100 1# - MAIN ENTRY--PERSONAL NAME
Personal name Xu, Shizhong
Titles and other words associated with a name (Geneticist)
Relator term author.
9 (RLIN) 39635
245 10 - TITLE STATEMENT
Title Principles of statistical genomics /
Statement of responsibility, etc Shizhong Xu.
264 #1 - PUBLICATION, DISTRIBUTION, ETC. (IMPRINT)
Place of publication, distribution, etc New York :
Name of publisher, distributor, etc Springer,
Date of publication, distribution, etc [2013]
264 #4 - PUBLICATION, DISTRIBUTION, ETC. (IMPRINT)
Date of publication, distribution, etc c2013
300 ## - PHYSICAL DESCRIPTION
Extent xv, 428 pages :
Other physical details illustrations (some color) ;
Dimensions 24 cm
336 ## - CONTENT TYPE
Source rdacontent
Content type term text
Content type code txt
337 ## - MEDIA TYPE
Media type term unmediated
Source rdamedia
Media type code n
338 ## - CARRIER TYPE
Carrier type term volume
Carrier type code nc
Source rdacarrier
504 ## - BIBLIOGRAPHY, ETC. NOTE
Bibliography, etc Includes bibliographical references and index.<br/>
505 0# - FORMATTED CONTENTS NOTE
Formatted contents note Map functions -- Recombination fraction -- Genetic map construction -- Multipoint analysis of Mendelian loci -- Basic concepts of quantitative genetics -- Major gene detection -- Segregation analysis -- Genome scanning for quantitative trait loci -- Interval mapping -- Interval mapping for ordinal traits -- Mapping segregation distortion loci -- QTL mapping in other populations -- Random model approach to QTL mapping -- Mapping QTL for multiple traits -- Bayesian multiple QTL mapping -- Empirical Bayesian QTL mapping -- Microarray differential expression analysis -- Hierarchical clustering of microarray data -- Model-based clustering of microarray data -- Gene-specific analysis of variances -- Factor analysis of microarray data -- Classification of tissue samples using microarrays -- Time-course microarray data analysis -- Quantitative trait-associated microarray data analysis -- Mapping expression quantitative trait loci.
650 #7 - SUBJECT ADDED ENTRY--TOPICAL TERM
Topical term or geographic name as entry element Genomics
General subdivision Statistical methods.
Source of heading or term BUEsh
9 (RLIN) 39636
651 ## - SUBJECT ADDED ENTRY--GEOGRAPHIC NAME
Source of heading or term BUEsh
653 ## - INDEX TERM--UNCONTROLLED
Resource For college Pharmacy
Arrived date list March2016
655 ## - INDEX TERM--GENRE/FORM
Form subdivision Reading book
942 ## - ADDED ENTRY ELEMENTS (KOHA)
Source of classification or shelving scheme Dewey Decimal Classification
Koha item type Book - Borrowing
Holdings
Withdrawn status Lost status Source of classification or shelving scheme Damaged status Not for loan Collection code Home library Current library Shelving location Date acquired Source of acquisition Cost, normal purchase price Serial Enumeration / chronology Total Checkouts Full call number Barcode Date last seen Cost, replacement price Price effective from Koha item type
    Dewey Decimal Classification     Scientific home BookShop Central Library Central Library First floor 22/03/2016 Purchase 900.00 2   572.860727 XUU 000032131 15/07/2025 1125.00 22/03/2016 Book - Borrowing